Studies in the derivational suffik - aculum: its latin origin and its romance development
Gorde:
| Egile nagusia: | |
|---|---|
| Formatua: | Liburua |
| Hizkuntza: | Undetermined |
| Argitaratua: |
Tübingen, Alemania
Max Niemeyer
1975
|
| Gaiak: | |
| Etiketak: |
Etiketa erantsi
Etiketarik gabe, Izan zaitez lehena erregistro honi etiketa jartzen!
|
MARC
| LEADER | 00000nam a2200000Ia 4500 | ||
|---|---|---|---|
| 008 | 170316s9999 xx 000 0 und d | ||
| 090 | |a 415-L F-2s | ||
| 100 | |a Fowler Tuttle, Edward | ||
| 245 | |a Studies in the derivational suffik - aculum: its latin origin and its romance development | ||
| 260 | |a Tübingen, Alemania | ||
| 260 | |b Max Niemeyer | ||
| 260 | |c 1975 | ||
| 300 | |a 128 páginas | ||
| 650 | |a GRAMÁTICA LATINA | ||
| 999 | |c 19630 |d 19630 | ||
| 040 | |a cru BVZT | ||
| 942 | |c 15 D |h 415-L F-2s |2 z | ||
